| 000 | 00412cam a2200157ua 4500 | ||
|---|---|---|---|
| 003 | OSt | ||
| 008 | 240321b |||||||| |||| 00| 0 eng d | ||
| 041 | _aeng | ||
| 082 |
_a808.02 _bRIC/WR |
||
| 100 |
_aRichardsen, Laurel . _96154 |
||
| 245 | _aWriting strategies: reaching diverse audiences, vol-21 / | ||
| 250 | _a1 / | ||
| 260 |
_aNew Delhi : _bSage Publications , _c1990. |
||
| 300 | _a71 ; . | ||
| 942 | _cBK | ||
| 999 |
_c7897 _d7897 |
||